Statistiques concernant Devinez le Pays Mystère #69

Cliquez ici pour prendre le quiz!

Statistiques générales

  • Ce quiz a été pris 305 fois
  • Le résultat moyen est 7 sur 9

Statistiques - réponses

Type de RéponseRéponse% Correct
Lettre TrouvéeA
98%
Lettre TrouvéeI
91%
Lettre Bien PlacéeA
80%
Lettre Bien PlacéeI
78%
Lettre Bien PlacéeR
73%
Lettre TrouvéeR
73%
Pays MystèreIrak
72%
Lettre Bien PlacéeK
72%
Lettre TrouvéeK
72%

Distribution des résultats

Percentile par nombre de réponses

% des personnes avec chaque résultat

Votre développement - résultats

Vous n’avez pas pris ce quiz